[Event "FIDE World Bl Team Pool C"]
[Site "London ENG"]
[Date "2025.06.14"]
[Round "6.6"]
[White "Mortazavi, Sami"]
[Black "Lobkin, Bohdan"]
[Result "0-1"]
[WhiteElo "1805"]
[BlackElo "1900"]
[WhiteTeam "e-therapeutics"]
[BlackTeam "Germany and Friends"]
[WhiteFideId "343443834"]
[BlackFideId "34115552"]
[EventDate "2025.06.14"]
[EventType "team"]

1. e4 d5 2. exd5 Qxd5 3. Nc3 Qe5+ 4. Be2 Bg4 5. d4 Bxe2 6. Ngxe2 Qa5 7. b4 Qh5
8. Qd3 e6 9. O-O Nf6 10. Nf4 Qf5 11. Qxf5 exf5 12. Re1+ Kd7 13. a3 Nc6 14. d5
Ne7 15. Bb2 Ng6 16. Nfe2 Bd6 17. Nd4 Ng4 18. h3 Nh6 19. Ncb5 a6 20. Nxd6 cxd6
21. Nf3 f6 22. c4 Rac8 23. Rac1 Rhe8 24. Rxe8 Kxe8 25. Nd4 Ne5 26. Ne6 Nxc4 27.
Bd4 Kf7 28. Rc3 Ng8 29. Rf3 Ne7 30. Nf4 Nd2 31. Re3 Rc1+ 32. Kh2 Nf1+ 0-1

[Event "FIDE World Bl Team Pool C"]
[Site "London ENG"]
[Date "2025.06.14"]
[Round "6.1"]
[White "Gan-Erdene, Sugar"]
[Black "D'Costa, Lorin"]
[Result "1-0"]
[WhiteTitle "IM"]
[BlackTitle "IM"]
[WhiteElo "2454"]
[BlackElo "2370"]
[WhiteTeam "Mongolia-B"]
[BlackTeam "Chess Rising Stars"]
[WhiteFideId "4902980"]
[BlackFideId "409219"]
[EventDate "2025.06.14"]
[EventType "team"]

1. e4 c5 2. Nf3 e6 3. d4 cxd4 4. Nxd4 Nc6 5. Nc3 Qc7 6. Qd3 a6 7. Nxc6 bxc6 8.
Qg3 Qxg3 9. hxg3 d5 10. Bd3 Nf6 11. f3 Bd6 12. g4 Bg3+ 13. Ke2 Be5 14. g5 Nd7
15. Na4 a5 16. c4 Ba6 17. cxd5 cxd5 18. exd5 exd5 19. Bxa6 Rxa6 20. Kd3 O-O 21.
f4 Bd6 22. Be3 Re8 23. Rac1 Nf8 24. g3 Bb8 25. b3 f6 26. gxf6 Rxf6 27. Rh5 Rfe6
28. Bd4 Re2 29. Nc3 Rg2 30. Rg1 Rxg1 31. Bxg1 Re1 32. Bb6 Ne6 33. Rxd5 Bxf4 34.
Bf2 Rc1 35. Rxa5 Bh6 36. Ne4 Kf7 37. Ra7+ Kg6 38. Ra6 Kf5 39. Nd6+ Kg4 40. Nf7
Ng5 41. Nxh6+ gxh6 42. Rxh6 Rd1+ 43. Ke2 Ra1 44. a4 Ra2+ 45. Ke3 Rb2 46. Rb6 h5
47. Rb4+ Kh3 48. Be1 Kg2 49. a5 Nf3 50. Bc3 Ra2 51. Ra4 Rc2 52. Kd3 Rf2 53. a6 1-0

[Event "FIDE World Bl Team Pool C"]
[Site "London ENG"]
[Date "2025.06.14"]
[Round "6.2"]
[White "Wu, Li"]
[Black "Bilguun, Sumiya"]
[Result "0-1"]
[WhiteTitle "FM"]
[BlackTitle "GM"]
[WhiteElo "2278"]
[BlackElo "2451"]
[WhiteTeam "Chess Rising Stars"]
[BlackTeam "Mongolia-B"]
[WhiteFideId "411086"]
[BlackFideId "4901541"]
[EventDate "2025.06.14"]
[EventType "team"]

1. c4 c5 2. Nf3 g6 3. Nc3 Bg7 4. e3 Nf6 5. d4 cxd4 6. exd4 d5 7. Qb3 O-O 8. cxd5
Nbd7 9. Be2 Nb6 10. Bf4 Nbxd5 11. Be5 Nxc3 12. bxc3 b6 13. O-O Bb7 14. a4 Rc8
15. a5 Nd5 16. Bxg7 Rxc3 17. Qb2 Kxg7 18. axb6 axb6 19. Rfb1 Qc7 20. Ne5 Rc2 0-1

[Event "FIDE World Bl Team Pool C"]
[Site "London ENG"]
[Date "2025.06.14"]
[Round "6.3"]
[White "Batkhuyag, Munguntuul"]
[Black "Navrotescu, Andreea"]
[Result "1-0"]
[WhiteTitle "IM"]
[BlackTitle "WGM"]
[WhiteElo "2356"]
[BlackElo "2333"]
[WhiteTeam "Mongolia-B"]
[BlackTeam "Chess Rising Stars"]
[WhiteFideId "4900758"]
[BlackFideId "675946"]
[EventDate "2025.06.14"]
[EventType "team"]

1. e4 c5 2. Nf3 Nc6 3. d4 cxd4 4. Nxd4 Nf6 5. Nc3 e5 6. Ndb5 d6 7. Bg5 a6 8. Na3
b5 9. Bxf6 gxf6 10. Nd5 Bg7 11. Bd3 Be6 12. O-O O-O 13. c3 f5 14. Nc2 f4 15. a4
Rb8 16. axb5 axb5 17. Ra6 Ne7 18. Nxe7+ Qxe7 19. Nb4 Qd7 20. Qe2 Rfc8 21. f3 Rc5
22. Rd1 Bb3 23. Bc2 Bc4 24. Qf2 Qc7 25. Raxd6 Be6 26. Na6 Qa7 27. Qxc5 Qxc5+ 28.
Nxc5 Bf8 29. Rd8 1-0

[Event "FIDE World Bl Team Pool C"]
[Site "London ENG"]
[Date "2025.06.14"]
[Round "6.4"]
[White "Tsaknakis, Zisis"]
[Black "Mungunzul, Bat-Erdene"]
[Result "0-1"]
[WhiteTitle "FM"]
[BlackTitle "WCM"]
[WhiteElo "2333"]
[BlackElo "2337"]
[WhiteTeam "Chess Rising Stars"]
[BlackTeam "Mongolia-B"]
[WhiteFideId "4259963"]
[BlackFideId "4902831"]
[EventDate "2025.06.14"]
[EventType "team"]

1. e4 e5 2. Nf3 Nc6 3. Bb5 a6 4. Ba4 Nf6 5. O-O Be7 6. Re1 b5 7. Bb3 d6 8. c3
O-O 9. h3 Bb7 10. d4 h6 11. Nbd2 Re8 12. a3 Bf8 13. Bc2 Nb8 14. b4 Nbd7 15. Bb2
g6 16. c4 exd4 17. cxb5 axb5 18. Nxd4 c6 19. a4 bxa4 20. Bxa4 Qb6 21. Qb3 d5 22.
exd5 Nxd5 23. Rxe8 Rxe8 24. Nc4 Qxb4 25. Qc2 Ra8 26. Nxc6 Bxc6 27. Bxc6 Rxa1+
28. Bxa1 Qe1+ 29. Kh2 Qxa1 30. Bxd5 Qf6 31. g3 Bc5 32. Kg2 Kg7 33. Qe2 Qd4 34.
Qf3 Nf6 35. Ne3 h5 36. Bc6 Qe5 37. Bb7 Qb2 38. Nd5 Ne4 39. Nc7 Qxb7 40. Ne8+ Kf8
41. Nf6 Nd6 42. Qxb7 Nxb7 43. g4 h4 44. g5 Be7 45. Ne4 Nd6 46. Nxd6 Bxd6 47. Kf3
Bc5 48. Ke2 Ke7 49. f4 Ke6 50. Kf3 Kf5 0-1

[Event "FIDE World Bl Team Pool C"]
[Site "London ENG"]
[Date "2025.06.14"]
[Round "6.5"]
[White "Sodbilegt, Naranbold"]
[Black "Bird, Joel"]
[Result "0-1"]
[WhiteTitle "FM"]
[WhiteElo "2363"]
[BlackElo "1987"]
[WhiteTeam "Mongolia-B"]
[BlackTeam "Chess Rising Stars"]
[WhiteFideId "4903528"]
[BlackFideId "429252"]
[EventDate "2025.06.14"]
[EventType "team"]

1. d4 d5 2. c4 c6 3. Nc3 Nf6 4. e3 e6 5. Nf3 Nbd7 6. Qc2 Bd6 7. Bd3 O-O 8. O-O
b6 9. b3 Bb7 10. Bb2 Rc8 11. e4 dxe4 12. Nxe4 Nxe4 13. Bxe4 Nf6 14. Rad1 Nxe4
15. Qxe4 Qe7 16. Qg4 f6 17. Rfe1 Rce8 18. d5 cxd5 19. cxd5 e5 20. Nd4 Bc8 21.
Qh5 Qf7 22. Qxf7+ Rxf7 23. Nb5 Bb4 24. Re4 Bf8 25. d6 a6 26. Nc3 Rd8 27. Ba3
Rfd7 28. Rc4 Bb7 29. f3 Kf7 30. Ne4 0-1

[Event "FIDE World Bl Team Pool C"]
[Site "London ENG"]
[Date "2025.06.14"]
[Round "6.6"]
[White "Kennedy, Aden"]
[Black "Enkhbayar, Genden"]
[Result "0-1"]
[WhiteElo "1950"]
[BlackElo "1837"]
[WhiteTeam "Chess Rising Stars"]
[BlackTeam "Mongolia-B"]
[WhiteFideId "343401015"]
[BlackFideId "4928415"]
[EventDate "2025.06.14"]
[EventType "team"]

1. e4 e5 2. Nf3 Nc6 3. Bc4 Bc5 4. O-O d6 5. c3 Bg4 6. h3 Bh5 7. b4 Bb6 8. a4 a6
9. d3 Nf6 10. Bg5 h6 11. Bxf6 Qxf6 12. Nbd2 g5 13. b5 Ne7 14. bxa6 bxa6 15. a5
Ba7 16. Qa4+ c6 17. Bxa6 g4 18. hxg4 Bxg4 19. Bb7 Rd8 20. d4 Rg8 21. Bxc6+ Kf8 0-1

[Event "FIDE World Bl Team Pool C"]
[Site "London ENG"]
[Date "2025.06.14"]
[Round "6.1"]
[White "Pichot, Alan"]
[Black "Tan, Justin2"]
[Result "1/2-1/2"]
[WhiteTitle "GM"]
[BlackTitle "GM"]
[WhiteElo "2588"]
[BlackElo "2512"]
[WhiteTeam "Duobeniajan Costa Calida ESJ"]
[BlackTeam "Wood Green Youth"]
[WhiteFideId "110973"]
[BlackFideId "3206882"]
[EventDate "2025.06.14"]
[EventType "team"]

1. e4 c5 2. Nf3 Nc6 3. Bb5 g6 4. O-O Bg7 5. Bxc6 bxc6 6. Re1 d6 7. d3 Qc7 8. Na3
e5 9. Nc4 Ne7 10. b4 cxb4 11. a3 bxa3 12. Bxa3 c5 13. Qd2 O-O 14. Qa5 Qc6 15.
Bc1 Bg4 16. Nfd2 Be6 17. Qa6 Rfd8 18. Nb3 Qd7 19. Bg5 f6 20. Be3 Nc6 21. c3 Bf8
22. h3 f5 23. f3 Rdb8 24. Reb1 Qc8 25. Qa4 Bd7 26. Qa2 Be6 27. Qa4 Bd7 28. Qa2
Kh8 29. Bg5 h6 30. Bh4 f4 31. Nbd2 Rxb1+ 32. Rxb1 Rb8 33. Nxd6 Rxb1+ 34. Nxb1
Be6 35. Nc4 Qd7 36. Qc2 a5 37. Nba3 Kg7 38. Bf2 Be7 39. Qa4 Qb7 40. Nxa5 Nxa5
41. Qxa5 Qb2 42. Bxc5 Qc1+ 43. Kh2 Qe1 44. Qa7 Qg3+ 45. Kh1 Qe1+ 46. Kh2 Qg3+
47. Kh1 Qe1+ 48. Bg1 Kf6 49. Nc4 Qxc3 1/2-1/2

[Event "FIDE World Bl Team Pool C"]
[Site "London ENG"]
[Date "2025.06.14"]
[Round "6.2"]
[White "Derakhshani, Borna"]
[Black "Ibarra Jerez, Jose Carlos"]
[Result "1/2-1/2"]
[WhiteTitle "FM"]
[BlackTitle "GM"]
[WhiteElo "2348"]
[BlackElo "2545"]
[WhiteTeam "Wood Green Youth"]
[BlackTeam "Duobeniajan Costa Calida ESJ"]
[WhiteFideId "12518450"]
[BlackFideId "2226332"]
[EventDate "2025.06.14"]
[EventType "team"]

1. e4 c5 2. Nf3 Nc6 3. Bb5 e6 4. O-O Nd4 5. Nxd4 cxd4 6. c3 a6 7. Be2 Bc5 8. Na3
Ne7 9. Nc2 d5 10. cxd4 Ba7 11. d3 O-O 12. Be3 Nc6 13. e5 Bd7 14. f4 Rc8 15. Kh1
Ne7 16. g4 Qb6 17. b3 Rc6 18. Rf2 Rfc8 19. Bf1 a5 20. Ne1 Rc3 21. Nf3 a4 22.
bxa4 Qa6 23. a5 Ra3 24. Bd2 Nc6 25. Be3 Qxa5 26. f5 Qa4 27. Rb2 Qxd1 28. Rxd1
exf5 29. Rxb7 Be6 30. gxf5 Bxf5 31. Rc1 h6 32. Bg2 Rxd3 33. Bg1 Ra3 34. Rb2 Ne7
35. Rxc8+ Bxc8 36. Ne1 Bf5 37. Nc2 Ra4 38. Nb4 Be6 39. Bf3 Nf5 40. Bd1 Ra3 41.
Bb3 Nxd4 42. Bxd5 Nf5 43. Bxa7 Rxa7 44. Bxe6 fxe6 45. Rb1 Ra5 46. Re1 Ra4 47.
Rb1 Ra5 48. Re1 Nd4 49. Kg2 Rb5 50. a3 Ra5 51. Re3 Nf5 52. Rc3 Rxe5 53. a4 Re4
54. Rb3 Re3 55. Rxe3 Nxe3+ 56. Kf3 Nc4 57. Ke4 Kf7 58. Kd4 Na5 59. Kc5 e5 60.
Kb5 Nb3 61. a5 Nxa5 62. Kxa5 Ke6 63. Kb5 Kf5 64. Kc4 Ke4 65. Kc3 Ke3 66. Nd5+
Kf3 67. Kd3 g5 68. Nf6 g4 69. Kd2 e4 70. Ke1 e3 71. Kf1 e2+ 72. Ke1 Kg2 73. Nxg4
h5 74. Nf6 Kxh2 75. Nxh5 1/2-1/2

[Event "FIDE World Bl Team Pool C"]
[Site "London ENG"]
[Date "2025.06.14"]
[Round "6.3"]
[White "Cuenca Jimenez, Jose Fernando"]
[Black "Haydon, David L"]
[Result "1-0"]
[WhiteTitle "GM"]
[BlackTitle "FM"]
[WhiteElo "2487"]
[BlackElo "2284"]
[WhiteTeam "Duobeniajan Costa Calida ESJ"]
[BlackTeam "Wood Green Youth"]
[WhiteFideId "2255570"]
[BlackFideId "415405"]
[EventDate "2025.06.14"]
[EventType "team"]

1. d4 Nf6 2. Bf4 e6 3. e3 d5 4. Nf3 c5 5. Nbd2 Nc6 6. c3 Bd6 7. Bg3 O-O 8. Bd3
b6 9. e4 dxe4 10. Nxe4 Be7 11. dxc5 bxc5 12. Nxf6+ Bxf6 13. Qe2 Bb7 14. h4 h6
15. Be4 Qb6 16. O-O Ba6 17. c4 Rad8 18. Rad1 Nd4 19. Nxd4 Rxd4 20. Rxd4 Bxd4 21.
b3 f5 22. Bf3 e5 23. Bd5+ Kh8 24. Bxe5 Re8 25. Bxg7+ 1-0

[Event "FIDE World Bl Team Pool C"]
[Site "London ENG"]
[Date "2025.06.14"]
[Round "6.4"]
[White "Balaji, Aaravamudhan"]
[Black "Camacho Collados, Marcos"]
[Result "0-1"]
[WhiteTitle "IM"]
[BlackTitle "IM"]
[WhiteElo "2346"]
[BlackElo "2462"]
[WhiteTeam "Wood Green Youth"]
[BlackTeam "Duobeniajan Costa Calida ESJ"]
[WhiteFideId "436224"]
[BlackFideId "2266237"]
[EventDate "2025.06.14"]
[EventType "team"]

1. d4 Nf6 2. c4 e6 3. Nc3 Bb4 4. e3 Bxc3+ 5. bxc3 b6 6. Bd3 Bb7 7. f3 Nc6 8. Ne2
d6 9. O-O Qe7 10. e4 Nd7 11. Be3 e5 12. Rb1 Na5 13. Ng3 g6 14. f4 O-O-O 15. fxe5
dxe5 16. c5 h5 17. Re1 h4 18. Nf1 h3 19. g3 Kb8 20. Nd2 Nxc5 21. Bc2 Ne6 22. d5
Nc5 23. Nb3 Naxb3 24. axb3 f5 25. b4 Nxe4 26. Bxe4 fxe4 27. c4 Rhf8 28. Qa4 Rf3
29. Ra1 a6 30. c5 Rxd5 31. c6 Bc8 32. b5 Rxb5 33. Qxe4 Qf7 34. Rf1 Rf5 35. Rfd1
Qe7 36. Qc4 e4 37. Rd2 Rf3 38. Qd4 Qb4 39. Re2 Qxd4 40. Bxd4 Rb4 41. Rxe4 Rd3
42. Re8 Rbxd4 43. Rf1 Rd2 44. g4 Rg2+ 45. Kh1 Rdd2 46. Rfe1 Rxh2+ 47. Kg1 Rdg2+
48. Kf1 Rh1# 0-1

[Event "FIDE World Bl Team Pool C"]
[Site "London ENG"]
[Date "2025.06.14"]
[Round "6.5"]
[White "Khotenashvili, Bella"]
[Black "Camp, Imogen A L"]
[Result "1-0"]
[WhiteTitle "GM"]
[BlackTitle "WCM"]
[WhiteElo "2418"]
[BlackElo "1915"]
[WhiteTeam "Duobeniajan Costa Calida ESJ"]
[BlackTeam "Wood Green Youth"]
[WhiteFideId "13602640"]
[BlackFideId "1802240"]
[EventDate "2025.06.14"]
[EventType "team"]

1. Nf3 d5 2. g3 Bf5 3. Bg2 e6 4. O-O Nf6 5. d3 Be7 6. c4 c6 7. Qb3 Qb6 8. Qc2
Nbd7 9. cxd5 exd5 10. Nc3 O-O 11. Nh4 Be6 12. e4 dxe4 13. dxe4 Ng4 14. Nf3 Nge5
15. Nxe5 Nxe5 16. Be3 Qa5 17. h3 Nc4 18. Bc1 Rad8 19. Kh2 Rfe8 20. f4 f6 21. b3
Na3 22. Qb2 Nb5 23. Ne2 Qb6 24. a4 Nd4 25. a5 Qc5 26. Be3 Qc2 27. Bxd4 Qxb2 28.
Bxb2 Rd2 29. Nd4 Bf7 30. Bc3 Rd3 31. Rf3 Rxf3 32. Bxf3 c5 33. Nf5 Bf8 34. Rb1
Rd8 35. Be2 b6 36. Ne3 Rd7 37. Kg2 Be7 38. Kf2 g6 39. Bc4 Kg7 40. Bxf7 Kxf7 41.
Ke2 g5 42. Nf5 Bd8 43. axb6 axb6 44. fxg5 fxg5 45. Rf1 Kg6 46. g4 b5 47. Rd1
Rxd1 48. Kxd1 c4 49. b4 h5 50. Nd6 hxg4 51. hxg4 Bb6 52. Nxb5 Kf7 53. Nd6+ Ke6
54. Nxc4 Bc7 55. Ke2 Bg3 56. Kd3 Kd7 57. b5 Kc7 58. Be5+ Bxe5 59. Nxe5 1-0

[Event "FIDE World Bl Team Pool C"]
[Site "London ENG"]
[Date "2025.06.14"]
[Round "6.6"]
[White "Ivanov, Elizabeth"]
[Black "Torres, Lucas"]
[Result "0-1"]
[WhiteElo "1738"]
[BlackElo "1897"]
[WhiteTeam "Wood Green Youth"]
[BlackTeam "Duobeniajan Costa Calida ESJ"]
[WhiteFideId "427284"]
[BlackFideId "1769464"]
[EventDate "2025.06.14"]
[EventType "team"]

1. e4 e6 2. Nc3 d5 3. exd5 exd5 4. d4 Nf6 5. Bg5 c6 6. Nf3 Bd6 7. Bd3 O-O 8. Qd2
Re8+ 9. Ne2 a5 10. O-O-O b5 11. Nf4 Nbd7 12. Nh5 Be7 13. Ng3 a4 14. h4 b4 15.
Nf5 b3 16. a3 bxc2 17. Nxe7+ Qxe7 18. Bxc2 Qe2 19. Qxe2 Rxe2 20. Rd2 Rxd2 21.
Kxd2 Ba6 22. Bxa4 Bb5 23. Bc2 h6 24. Bf4 Re8 25. Re1 Rxe1 26. Kxe1 Kf8 27. a4
Ba6 28. b4 Ke7 29. Ne5 Nxe5 30. Bxe5 g6 31. Bd1 Nd7 32. Bf4 h5 33. Bg5+ Kd6 34.
Be2 Bxe2 35. Kxe2 Nb6 36. a5 Nc8 37. Bd8 Kd7 38. Bg5 Kc7 39. Kd3 Kb7 40. f3 Ka6
41. g4 Kb5 42. Bd2 Nd6 43. gxh5 gxh5 44. f4 0-1

[Event "FIDE World Bl Team Pool C"]
[Site "London ENG"]
[Date "2025.06.14"]
[Round "6.1"]
[White "Momunaliev, Ruslan"]
[Black "Fromm, Marius"]
[Result "0-1"]
[WhiteTitle "CM"]
[BlackTitle "IM"]
[WhiteElo "2214"]
[BlackElo "2444"]
[WhiteTeam "Youth KG"]
[BlackTeam "Berlin Chess Federation"]
[WhiteFideId "13812211"]
[BlackFideId "12993190"]
[EventDate "2025.06.14"]
[EventType "team"]

1. e4 e6 2. d4 d5 3. Nd2 c5 4. Ngf3 cxd4 5. Nxd4 Nc6 6. Bb5 Bd7 7. Nxc6 bxc6 8.
Bd3 Qc7 9. c4 d4 10. O-O e5 11. c5 Bxc5 12. Nc4 Bd6 13. f4 Nf6 14. fxe5 Bxe5 15.
Nxe5 Qxe5 16. Bf4 Qe7 17. Bg5 h6 18. Bh4 g5 19. Bg3 O-O 20. Qe2 Bg4 21. Qc2 Nh5
22. Bf2 c5 23. h3 Be6 24. e5 Nf4 25. Be4 Rac8 26. Rae1 Rfd8 27. Bg3 d3 28. Qd2
c4 29. Bxf4 gxf4 30. Rxf4 c3 31. bxc3 Qc5+ 32. Re3 Qxc3 33. Rg3+ Kf8 34. Rxf7+
Bxf7 35. Qxh6+ Ke8 36. Qh8+ Kd7 37. Qf6 Kc7 38. Qxf7+ Rd7 39. Qf4 Qd4+ 40. Kh2
d2 41. Rd3 d1=Q 42. e6+ Rd6 43. Rxd1 Qxd1 44. Qf7+ Kb6 45. Qb7+ Ka5 46. Qxc8 Qd4
47. Qc7+ Kb4 48. Qb7+ Ka5 49. Qc7+ Ka4 50. Bc2+ Ka3 51. Qa5+ Kb2 52. Bb3 Qf4+
53. Kg1 Qe3+ 54. Kh2 Qf4+ 55. Kg1 Rd2 56. Qc5 Qg3 57. Bd5 Qe1+ 58. Kh2 Qe5+ 59.
Kg1 Rd1+ 60. Kf2 Rxd5 61. Qb4+ Kxa2 62. Qa4+ Kb2 63. Qb4+ Kc2 64. Qc4+ Kd2 65.
Qa2+ Kc3 66. Qa3+ Kc4 67. Qa4+ Kc5 68. Qxa7+ Kc6 69. Qa4+ Kc7 70. Qa7+ Kd8 71.
e7+ Ke8 72. Qa8+ Kxe7 73. Qb7+ Rd7 74. Qb4+ Qd6 75. Qh4+ Qf6+ 0-1

[Event "FIDE World Bl Team Pool C"]
[Site "London ENG"]
[Date "2025.06.14"]
[Round "6.2"]
[White "Schneider, Ilja"]
[Black "Beknazarov, Emir"]
[Result "1-0"]
[WhiteTitle "IM"]
[WhiteElo "2417"]
[BlackElo "1878"]
[WhiteTeam "Berlin Chess Federation"]
[BlackTeam "Youth KG"]
[WhiteFideId "4663306"]
[BlackFideId "13816063"]
[EventDate "2025.06.14"]
[EventType "team"]

1. e4 c6 2. d4 d5 3. exd5 cxd5 4. c4 Nf6 5. Nc3 Nc6 6. Nf3 a6 7. cxd5 Nxd5 8.
Bc4 Be6 9. Bb3 Nxc3 10. bxc3 Bxb3 11. axb3 e6 12. O-O Be7 13. Qe2 O-O 14. Rd1
Bf6 15. Ba3 Re8 16. Rd3 b5 17. Bc5 Qd5 18. Nd2 a5 19. Ne4 Be7 20. c4 bxc4 21.
bxc4 Qxc4 22. Bxe7 Rxe7 23. Nf6+ Kf8 24. Nxh7+ Ke8 25. Ng5 Nxd4 26. Qe4 Rd8 27.
Rad1 a4 28. Qh7 Ne2+ 29. Kf1 Rxd3 30. Rxd3 Qxd3 31. Qxd3 Nf4 32. Qb5+ Kf8 33.
Qxa4 Nd5 34. Qa8+ Re8 35. Qb7 Re7 36. Qc8+ Re8 37. Qd7 Re7 38. Qd6 Nf6 39. h4
Nd5 40. g3 Ke8 41. Qb8+ Kd7 42. Qb7+ Kd6 43. Qb8+ Kd7 44. Qf8 f6 45. Nf7 Re8 46.
Qd6+ Kc8 47. Qc6+ 1-0

[Event "FIDE World Bl Team Pool C"]
[Site "London ENG"]
[Date "2025.06.14"]
[Round "6.3"]
[White "Kurbanbaev, Zalkar"]
[Black "Florstedt, Johannes"]
[Result "1-0"]
[BlackTitle "FM"]
[WhiteElo "2119"]
[BlackElo "2391"]
[WhiteTeam "Youth KG"]
[BlackTeam "Berlin Chess Federation"]
[WhiteFideId "13808524"]
[BlackFideId "12922293"]
[EventDate "2025.06.14"]
[EventType "team"]

1. e4 c6 2. d4 d5 3. e5 c5 4. dxc5 e6 5. a3 Bxc5 6. b4 Be7 7. Bb2 a5 8. b5 f6 9.
Nf3 Nd7 10. Nbd2 Nh6 11. Bd3 Nf7 12. exf6 Bxf6 13. Bxf6 Qxf6 14. c4 O-O 15. O-O
Nc5 16. Bc2 b6 17. Nb3 Bb7 18. Nxc5 bxc5 19. Qe2 dxc4 20. Be4 Bxe4 21. Qxe4 Nd6
22. Qc6 Nf5 23. Qxc5 Rfc8 24. Qb6 c3 25. Rfe1 e5 26. Qb7 c2 27. Qd5+ Kh8 28.
Nxe5 h6 29. h3 Rd8 30. Nf7+ Kh7 31. Nxd8 Rxd8 32. Qe4 Rd2 33. g4 Qb6 34. Qxf5+
g6 35. Re7+ Kh8 36. Qf8# 1-0

[Event "FIDE World Bl Team Pool C"]
[Site "London ENG"]
[Date "2025.06.14"]
[Round "6.4"]
[White "Schulze, Lara"]
[Black "Keneshbekov, Elim"]
[Result "1/2-1/2"]
[WhiteTitle "FM"]
[BlackTitle "CM"]
[WhiteElo "2317"]
[BlackElo "1883"]
[WhiteTeam "Berlin Chess Federation"]
[BlackTeam "Youth KG"]
[WhiteFideId "12956830"]
[BlackFideId "13816772"]
[EventDate "2025.06.14"]
[EventType "team"]

1. e4 c5 2. Nf3 d6 3. Bb5+ Nd7 4. c4 e5 5. Nc3 Nf6 6. d3 Be7 7. h3 O-O 8. Ba4 h6
9. Nh2 Nh7 10. Nf1 f5 11. exf5 Nb6 12. g4 Bd7 13. Bxd7 Qxd7 14. Ne3 Bh4 15. Qe2
Nf6 16. Bd2 Rae8 17. O-O-O e4 18. Kb1 Qc6 19. Rhf1 Bg5 20. dxe4 Nxe4 21. Qd3
Nxd2+ 22. Rxd2 Qf3 23. Rfd1 Rd8 24. h4 Bxh4 25. Ned5 Qxg4 26. Nxb6 axb6 27. Nd5
Bf6 28. f4 Qh5 29. Rg2 Rd7 30. Re1 Rdf7 31. a3 Bd4 32. Ka2 Qxf5 33. Qxf5 Rxf5
34. Ne7+ Kh7 35. Nxf5 Rxf5 36. Re7 Rxf4 37. Rxb7 h5 38. Rxb6 Be5 39. a4 Rxc4 40.
b3 Re4 41. a5 h4 42. Rg1 c4 43. bxc4 Bd4 44. Rd1 Bxb6 45. axb6 Rxc4 46. Rxd6 Rc8 1/2-1/2

[Event "FIDE World Bl Team Pool C"]
[Site "London ENG"]
[Date "2025.06.14"]
[Round "6.5"]
[White "Mukanov, Iskender"]
[Black "Rath, Alina"]
[Result "1-0"]
[BlackTitle "CM"]
[WhiteElo "1715"]
[BlackElo "2019"]
[WhiteTeam "Youth KG"]
[BlackTeam "Berlin Chess Federation"]
[WhiteFideId "13829599"]
[BlackFideId "24607886"]
[EventDate "2025.06.14"]
[EventType "team"]

1. e4 c5 2. Nf3 Nc6 3. d4 cxd4 4. Nxd4 Nf6 5. Nc3 d6 6. Be3 Ng4 7. Bc4 Nxe3 8.
fxe3 e6 9. O-O Be7 10. Kh1 O-O 11. Bd3 Ne5 12. h3 a6 13. a4 Bd7 14. Nf3 Nxd3 15.
cxd3 Qb6 16. Qd2 Rad8 17. d4 Bf6 18. Qf2 Bc6 19. Rad1 d5 20. e5 Be7 21. Nh2 Qb4
22. Ra1 b5 23. axb5 Bxb5 24. Nxb5 Qxb5 25. Ng4 Kh8 26. Qg3 Ra8 27. Qf2 a5 28.
Rfe1 Rab8 29. Kh2 Qxb2 30. Qxb2 Rxb2 31. Rec1 h5 32. Rc7 Bg5 33. h4 Bd8 34. Rd7
hxg4 35. Kg3 Rb3 36. Kf4 Rb5 37. Kxg4 Kg8 38. Rh1 a4 39. Ra7 Rb4 40. h5 Bb6 41.
Ra6 Rc8 42. h6 gxh6 43. Rxh6 Rc7 44. Kg5 Kg7 45. Ra8 Rb7 46. Rhh8 f5 47. exf6+
Kf7 48. Rh7# 1-0

[Event "FIDE World Bl Team Pool C"]
[Site "London ENG"]
[Date "2025.06.14"]
[Round "6.6"]
[White "Ziems, Michael"]
[Black "Baktybek Kyzy, Alika"]
[Result "1-0"]
[WhiteElo "1904"]
[BlackElo "1590"]
[WhiteTeam "Berlin Chess Federation"]
[BlackTeam "Youth KG"]
[WhiteFideId "24678490"]
[BlackFideId "13841327"]
[EventDate "2025.06.14"]
[EventType "team"]

1. d4 d5 2. c4 e6 3. Nc3 Nf6 4. Bf4 Nbd7 5. e3 c6 6. Nf3 Bb4 7. Rc1 O-O 8. Bd3
h6 9. O-O Re8 10. h3 Nb6 11. c5 Bxc3 12. bxc3 Nbd7 13. Qb3 Qa5 14. c4 dxc4 15.
Bxc4 Nd5 16. Bh2 N7f6 17. Rfd1 Ne7 18. Ne5 Rb8 19. Nxf7 Kxf7 20. Bxb8 Ng6 21.
Bd6 Ne4 22. Bh2 Qd8 23. f3 Nf6 24. Bd6 a6 25. Bh2 Qa5 26. a3 Nd7 27. Qb4 Qxb4
28. axb4 Ne7 29. e4 Nf6 30. Kf2 Nd7 31. Bd6 Nf6 32. g4 Bd7 33. h4 Nc8 34. Be5 b6
35. Bxf6 gxf6 36. Bxa6 bxc5 37. bxc5 Ne7 38. Rb1 f5 39. Rb7 Rd8 40. Bc4 fxe4 41.
fxe4 Ng6 42. h5 Ne7 43. Ke3 Kg7 44. Rg1 Ng8 45. g5 Kh7 46. Bxe6 Kh8 47. Bxd7
hxg5 48. Rxg5 Nf6 49. Bxc6 Rc8 50. Bd5 Nxd5+ 51. exd5 Re8+ 52. Kd3 Rd8 53. Rgg7
Rxd5 54. Rh7+ Kg8 55. Rhc7 Rd8 56. Kc4 Kf8 57. h6 Kg8 58. Rg7+ Kh8 59. Rh7+ Kg8
60. Rbg7+ Kf8 61. Rh8# 1-0

[Event "FIDE World Bl Team Pool C"]
[Site "London ENG"]
[Date "2025.06.14"]
[Round "7.1"]
[White "Wu, Li"]
[Black "Abdusattorov, Nodirbek"]
[Result "0-1"]
[WhiteTitle "FM"]
[BlackTitle "GM"]
[WhiteElo "2278"]
[BlackElo "2767"]
[WhiteTeam "Chess Rising Stars"]
[BlackTeam "Uzbekistan"]
[WhiteFideId "411086"]
[BlackFideId "14204118"]
[EventDate "2025.06.14"]
[EventType "team"]

1. d4 Nf6 2. c4 e6 3. Nf3 d5 4. cxd5 exd5 5. Nc3 c6 6. Bg5 Be7 7. e3 Nbd7 8. Bd3
Nh5 9. Bxe7 Qxe7 10. O-O O-O 11. Qc2 g6 12. a4 a5 13. Rfe1 f5 14. Ne2 Nhf6 15.
Nf4 Ne4 16. Nd2 Ndf6 17. f3 Nd6 18. Nb3 Be6 19. Qd2 b6 20. Nc1 Bf7 21. b4 g5 22.
Nh3 g4 23. Nf4 Kh8 24. Kh1 Rg8 25. bxa5 Rxa5 26. Nb3 Raa8 27. a5 b5 28. Nc5 gxf3
29. gxf3 Nh5 30. Qf2 Ra7 31. a6 Qf6 32. Rg1 Re8 33. Ra2 Nc4 34. Re2 Rae7 35.
Bxc4 dxc4 36. Nxh5 Bxh5 37. Ree1 c3 38. Rg3 f4 39. Rh3 fxe3 40. Qe2 Bg6 41. Rg3
Qxd4 0-1